01200ngm a2200277 a 450000500170000000800410001708200190005810000220007724500930009925000190019230000610021149000390027250001530031165000680046465000580053265000540059065000490064470000290069394200200072226400420074233600270078433700330081133800280084404000350087299900150090720220317001259.0160825s1984 ck g 000 0 spa 04a791.436bM14cn1 aNorden, Francisco10aCóndores no entierran todos los díascdirección Francisco Nordenhvideograbación a1a. edición  a1 vieocasete en VHS (90 minutos)bsonido, color c20 cm  aLa maletappelículas colombianas aLa película pertenece a la colección La Maleta. Dirigida para un público adulto. Basada en la obra homónima de Gustavo Álvarez Gardeazabal142LEMBaPelículas cinematográficas colombianasvVideocasetes 142LEMBaViolencia política en el cine vVideocasetes 142LEMBaConflicto armado en el cine vVideocasetes 142LEMBaVida social en el cine vVideocasetes 1 aNorden, Francisco968653 2ddccVIDEOCASET aBogotábMinisterio de Culturac1984 atextobtxt2rdacontent asin mediaciónbn2rdamedia avolumenbnc2rdacarrier aCO-BoRNBPbspaerdacCO-BoRNBP c6478d6478